Rulers and ruled in the US empire : (Record no. 13854)

000 -LEADER
fixed length control field 01304cam a2200325 a 4500
001 - CONTROL NUMBER
control field 14814084
005 - DATE AND TIME OF LATEST TRANSACTION
control field 20170105102841.0
008 - FIXED-LENGTH DATA ELEMENTS--GENERAL INFORMATION
fixed length control field 070419s2007 gau b 001 0 eng
010 ## - LIBRARY OF CONGRESS CONTROL NUMBER
LC control number 2007016468
020 ## - INTERNATIONAL STANDARD BOOK NUMBER
International Standard Book Number 093286354X
020 ## - INTERNATIONAL STANDARD BOOK NUMBER
International Standard Book Number 9780932863546
035 ## - SYSTEM CONTROL NUMBER
System control number (OCoLC)ocn137324913
040 ## - CATALOGING SOURCE
Original cataloging agency DLC
Transcribing agency DLC
Modifying agency YDX
-- BTCTA
-- BAKER
-- YDXCP
-- IAY
-- OCLCG
-- DLC
043 ## - GEOGRAPHIC AREA CODE
Geographic area code n-us---
050 00 - LIBRARY OF CONGRESS CALL NUMBER
Classification number HN90.E4
Item number P48 2007
082 00 - DEWEY DECIMAL CLASSIFICATION NUMBER
Classification number 306.20973
Edition number 22
100 1# - MAIN ENTRY--PERSONAL NAME
Personal name Petras, James F.,
Dates associated with a name 1937-
245 10 - TITLE STATEMENT
Title Rulers and ruled in the US empire :
Remainder of title bankers, Zionists, militants /
Statement of responsibility, etc. James Petras.
246 3# - VARYING FORM OF TITLE
Title proper/short title Rulers and ruled in the United States empire
260 ## - PUBLICATION, DISTRIBUTION, ETC.
Place of publication, distribution, etc. Atlanta, GA. :
Name of publisher, distributor, etc. Clarity Press,
Date of publication, distribution, etc. c2007.
300 ## - PHYSICAL DESCRIPTION
Extent 262 p. ;
Dimensions 23 cm.
504 ## - BIBLIOGRAPHY, ETC. NOTE
Bibliography, etc. note Includes bibliographical references (p. 245-254) and index.
650 #0 - SUBJECT ADDED ENTRY--TOPICAL TERM
Topical term or geographic name entry element Elite (Social sciences)
Geographic subdivision United States.
650 #0 - SUBJECT ADDED ENTRY--TOPICAL TERM
Topical term or geographic name entry element Power (Social sciences)
Geographic subdivision United States.
651 #0 - SUBJECT ADDED ENTRY--GEOGRAPHIC NAME
Geographic name United States
General subdivision Politics and government.
856 41 - ELECTRONIC LOCATION AND ACCESS
Materials specified Table of contents only
Uniform Resource Identifier <a href="http://www.loc.gov/catdir/toc/ecip0716/2007016468.html">http://www.loc.gov/catdir/toc/ecip0716/2007016468.html</a>
906 ## - LOCAL DATA ELEMENT F, LDF (RLIN)
a 7
b cbc
c orignew
d 1
e ecip
f 20
g y-gencatlg
942 ## - ADDED ENTRY ELEMENTS (KOHA)
Source of classification or shelving scheme
Koha item type Book
Holdings
Withdrawn status Lost status Damaged status Not for loan Collection code Permanent Location Current Location Shelving location Date acquired Total Checkouts Full call number Barcode Date last seen Price effective from Koha item type
          Centre for International Peace & Stability (CIPS) Centre for International Peace & Stability (CIPS) General Stacks 08/02/2013   306.20973 PET 2007 CIPS0000132 08/02/2013 08/02/2013 Book
© 2023 Central Library, National University of Sciences and Technology. All Rights Reserved.